ইরান ও ইসলাম: (Record no. 31335)

MARC details
000 -LEADER
fixed length control field 01156nam a22002537a 4500
003 - CONTROL NUMBER IDENTIFIER
control field BDDh-ASL
005 - DATE AND TIME OF LATEST TRANSACTION
control field 20231015031247.0
008 - FIXED-LENGTH DATA ELEMENTS--GENERAL INFORMATION
fixed length control field 200916s1979 b ||||| b||| 00| 0 b d
040 ## - CATALOGING SOURCE
Original cataloging agency BDDh-ASL
Transcribing agency BDDh-ASL
Modifying agency BDDh-ASL
041 ## - LANGUAGE CODE
Language code of text/sound track or separate title bengali
082 ## - DEWEY DECIMAL CLASSIFICATION NUMBER
Classification number 297.0955
Item number HII
100 1# - MAIN ENTRY--PERSONAL NAME
Personal name হিলালী, শেখ গোলাম মকসূদ
9 (RLIN) 7682
245 1# - TITLE STATEMENT
Title ইরান ও ইসলাম:
Statement of responsibility, etc. তাদের পারস্পরিক প্রভাব /
246 ## - VARYING FORM OF TITLE
Title proper/short title Iran O Islam.
260 ## - PUBLICATION, DISTRIBUTION, ETC.
Place of publication, distribution, etc. রাজশাহী:
Name of publisher, distributor, etc. হিলালী ফাউন্ডেশন,
Date of publication, distribution, etc. ১৯৭৯।
300 ## - PHYSICAL DESCRIPTION
Dimensions ২2 সে.মি.।
600 ## - SUBJECT ADDED ENTRY--PERSONAL NAME
Source of heading or term ইরান
650 #0 - SUBJECT ADDED ENTRY--TOPICAL TERM
9 (RLIN) 803
Topical term or geographic name entry element ইসলাম ও ইরান সম্পর্ক
General subdivision ইসলাম ধর্ম
650 #0 - SUBJECT ADDED ENTRY--TOPICAL TERM
Topical term or geographic name entry element Islamic History (ইসলামের ইতিহাস), Islamic Civilization, ইসলামী সভ্যতা, Isalāmī sabhyatā
9 (RLIN) 5885
650 #0 - SUBJECT ADDED ENTRY--TOPICAL TERM
Topical term or geographic name entry element ইসলাম ধর্ম (Islamic Religion)
9 (RLIN) 6085
650 #0 - SUBJECT ADDED ENTRY--TOPICAL TERM
Topical term or geographic name entry element Iran (ইরান)
9 (RLIN) 6854
700 1# - ADDED ENTRY--PERSONAL NAME
Personal name মমতাজউদ্দীন, মুহাম্মদ
9 (RLIN) 7684
942 ## - ADDED ENTRY ELEMENTS (KOHA)
Source of classification or shelving scheme Dewey Decimal Classification
Koha item type Books
Holdings
Withdrawn status Lost status Source of classification or shelving scheme Damaged status Not for loan Collection code Home library Current library Shelving location Date acquired Source of acquisition Total Checkouts Full call number Barcode Date last seen Copy number Price effective from Koha item type Public note
    Dewey Decimal Classification     Non-fiction Asiatic Society Library Asiatic Society Library General Stacks 03/25/2023 Complimentary   297.0955 HII 119978 03/25/2023 C-1 03/25/2023 Books Y-1979

Powered by Koha